Missing Word: Tim Allen Quiz Stats

 Plays Quiz Updated Jun 29, 2012

Support Sporcle.
Go Orange.
Score 0/14 Timer 03:00
1 Play Today
Hint Missing Word % Correct
_____ StoryToy
97.8%
Last Man _____ Standing
96.1%
_____ ImprovementHome
94.2%
For _____ or PoorerRicher
91.5%
The Santa _____Clause
88.5%
The Shaggy _____Dog
83.8%
_____ with the KranksChristmas
79.6%
Hint Missing Word % Correct
Jungle 2 _____Jungle
75.5%
_____ HogsWild
65.6%
Galaxy _____Quest
55.9%
_____ SomebodyJoe
16.5%
Big _____Trouble
7.2%
Crazy on the _____Outside
7.1%
_____ GuysThese
3.2%

Today's Daily Dose

Word Ladder
ING Words

Get the Picture
Nearest Volcano

From the Vault

Novel by Protagonist

by Derek

We are all protagonists in our own story...but these folks are interesting enough to read about.
Remove Ads.
Support Sporcle.
Get the best of Sporcle when you Go Orange. This ad-free experience offers more features, more stats, and more fun while also helping to support Sporcle. Thank you for becoming a member.

Show Comments

Extras

Top Quizzes Today


Score Distribution

Your Account Isn't Verified!

In order to create a playlist on Sporcle, you need to verify the email address you used during registration. Go to your Sporcle Settings to finish the process.

Report this User

Report this user for behavior that violates our Community Guidelines.

Details: